| 000 | 00640cam a2200181 a 4500 | ||
|---|---|---|---|
| 020 | _a082134286X (pbk.) | ||
| 082 | 0 | 0 | _a333.91/3/09945 |
| 100 | 1 | _aLangford, K. J. | |
| 245 | 1 | 0 | _aToward a financially sustainable irrigation system : |
| 260 |
_aWashington, D.C. : _bWorld Bank, _cc1999. |
||
| 300 |
_ax, 95 p. : _bill., maps ; |
||
| 650 | 0 | _aIrrigation | |
| 650 | 0 | _aWater resources development | |
| 700 | 1 | _aForster, Christine L., | |
| 700 | 1 | _aMalcolm, Duncan M., | |
| 942 | _cBK | ||
| 999 |
_c3573 _d3573 |
||